000 00946nam0a2200301 4500
001 RU\NLR\bibl\36090
005 20260406054147.0
010 _a5-86471-196-9
_915 000
021 _aRU
_b99-18141
_9878
035 _a(NLR Aleph) 000035183
090 _a179776
_c179776
100 _a19990701d1999 |||y0rusy50 ca
101 1 _arus
_ceng
102 _aRU
105 _ay |||||||||
200 1 _aКак убить мужчину мечты
_eРоман
_fДороти Кэннелл
_gПер. с англ. Е.А. Полецкой
210 _aМ.
_cPhantom press
_d1999
215 _a384 c.
_d17
225 1 _aМышьяк и кружево
686 _aШ6(4Вл)67-440.4
700 1 _4070
_8rus
_7ca
_aКеннелл
_bД.
_gДороти
_3RU\NLR\auth\778769
_9118657
801 0 _aRU
_bNLR
_c19990701
_gPSBO
801 1 _aRU
_bNLR
_c19990701
852 _aNLR
_j99-2/1215
942 _cBOOK
980 _aNB